| 000 | 00603nam a2200181 i 4500 | ||
|---|---|---|---|
| 001 | 39762 | ||
| 003 | ES-MaACL | ||
| 005 | 20231102063033.0 | ||
| 007 | t| | ||
| 008 | 030304s1981 sp ||||1| spa d | ||
| 100 | 0 |
_aCanetti, Elias, _d1905-1994 _934493 |
|
| 245 | 1 | 4 |
_aLas voces de Marrakesh _b: impresiones de viaje / _cElías Canetti ; presentación y traducción, José Francisco Ivars. |
| 260 |
_a[Valencia] : _bPre-textos : _b[Soler, _c1981] |
||
| 300 |
_a125 p. ; _c20 cm. |
||
| 700 | 1 |
_aIvars, José-Francisco. _965661 |
|
| 852 |
_aES-MaACL _jL-1902 _bR.102348 |
||
| 999 |
_c39762 _d39762 |
||